000 00867nas a2200253 4500
001 BR7701735
003 BR-BrBNA
005 20231205083137.0
007 ta
008 230509b bl.|||p| |||| 00| 00por d
040 _aBR-BrBNA
_bpor
_cBiblioteca Nacional de Agricultura
041 _a(Pt)
072 _aQ20
100 1 _aFerrari, S.E.
100 1 _aRodela, A.A. (Programa Nacional de Melhoramento da Cana-de-Acucar, Araras, SP (Brazil). Coordenadoria Regional Sul)
245 1 _aOcorrencia de dextrana em cana de acucar [Deterioracao; Saccharum spp]
650 _aToxicologia de alimento
650 _aMicrobiologia de alimento
650 _aCana de acucar
650 _aDeterioracao
773 0 _tBrasil Acucareiro (Brazil)
_xISSN 0006-9167
_g(Nov 1977), v. 90(5) p. 19-22
_wBR7701735
909 _a202311
_bLúcia
_c55
_dLúcia Elande
942 _2AGRIS
_n0
_cANA
999 _c96704
_d96704